000 00980nam a2200277 i 4500
003 DO-SdBNP
005 20251104134926.0
007 ta
008 251104b2013 dr a|||| |||| 00| 0 spa d
020 _a098739387437493
040 _aDO-SdBNP
_bspa
_cBNPHU
_erda
041 _aspa
082 4 _axxx
_bxxx
_222
100 _aValenzuela Sosa, Fabio,
_eautor
_4aut.
_988780
245 1 0 _aQueridísimas hijas :
_breflexiones sobre política del caribe Hispánico y memorias de mi niñez /
_cFabio Valenzuela Sosa ; corrección, Teresa Carrión de Valenzuela
250 _aSegunda edición
264 _aSanto Domingo :
_bOmar CD's System & Cybercolor,
_c2013.
300 _avolumen :
_bilustraciones ;
_c22 cm
336 _atexto
_btxt
_2rdacontent
337 _asin mediación
_bn
_2rdamedia
338 _avolumen
_bnc
_2rdacarrier
590 _aInventariado, 2025/BT
700 1 _aCarrión Valenzuela, Teresa de,
_ecorrector
_4corr.
_988781
910 _aBtavárez
942 _2ddc
_cLBS1
999 _c60012
_d60012